Skład Girony w La Liga w sezonie 2024/25 - Statystyki

Ogólne statystyki
  • Ten quiz został rozwiązany 6 razy
  • Średni wynik to 7 z 29
Statystyki odpowiedzi
Numer Zawodnik % Poprawnych
7 Christian Stuani
100%
13 Paulo Gazzaniga
100%
23 Iván Martin
67%
3 Miguel Gutiérrez
67%
8 Viktor Tsygankov
67%
4 Arnau Martinez
33%
- Bojan Miovski
33%
20 Bryan Gil
33%
17 Daley Blind
33%
5 David López
33%
6 Donny van de Beek
33%
18 Ladislav Krejci
33%
14 Oriol Romeu
33%
- Pau López
33%
21 Yangel Herrera
33%
9 Abel Ruiz
0%
16 Alejandro Frances
0%
27 Gabriel Misehouy
0%
30 Iker Almena
0%
- Ilyas Chaira
0%
22 Jhon Solis
0%
- Joel Roca
0%
1 Juan Carlos
0%
15 Juanpe
0%
- Manu Vallejo
0%
- Óscar Ureña
0%
24 Portu
0%
19 Toni Villa
0%
11 Valery
0%
Nie znaleziono quizów pasujących do podanych kryteriów
Rozkład punktacji
Procent ludzi z każdym wynikiem
Percentyl według liczby udzielonych odpowiedzi
Twoja historia wyników
Nie rozwiązałeś tego quizu